00566nam a22001337a 4500008004100000082001800041245016500059260003700224300001000261710002400271942001200295999001500307952011000322230612b xxu||||| |||| 00| 0 eng d a352.4908bKEN aThe Appropriation Accounts and Other Public Accounts Details Excluding Accounts of the Funds of the Republic of Kenya for the Year2008/2009cGovernment of Kenya aKenyabGovernment of Kenyac2009 a566 p bGovernment of Kenya 2ddccBK c1084d1084 00102ddc4070a001b001d2023-06-12l0o352.4908 KENp100001572q2019-12-17r2023-06-12w2023-06-12yBK